Les coéquipiers de Giroud avec les Bleus - Statistiques

Statistiques générales
  • Ce quiz a été pris 192 fois
  • Le résultat moyen est 60 sur 109
Statistiques - réponses
Première sélection Joueur Nombre de matchs Poste % Correct
5 mars 2014 Antoine Griezmann 94 A
99%
19 novembre 2008 Hugo Lloris 96 G
99%
25 mars 2017 Kylian Mbappé 62 A
97%
22 mars 2013 Paul Pogba 64 M
95%
25 mars 2016 N'Golo Kanté 50 M
94%
22 mars 2013 Raphaël Varane 72 D
94%
28 mars 2007 Karim Benzema 19 A
93%
23 mars 2018 Lucas Hernández 28 D
92%
7 septembre 2021 Theo Hernández 23 D
92%
7 septembre 2010 Blaise Matuidi 63 M
91%
10 novembre 2017 Benjamin Pavard 40 D
90%
1 septembre 2016 Ousmane Dembélé 32 A
90%
3 juillet 2016 Samuel Umtiti 28 D
86%
27 mai 2008 Steve Mandanda 16 G
85%
7 octobre 2020 Mike Maignan 17 G
82%
6 septembre 2018 Alphonse Areola 4 G
81%
5 septembre 2020 Dayot Upamecano 20 D
80%
25 mars 2017 Benjamin Mendy 10 D
79%
20 novembre 2018 Ferland Mendy 9 D
79%
11 août 2010 Adil Rami 20 D
77%
24 mars 2023 Khéphren Thuram 1 M
77%
11 novembre 2020 Marcus Thuram 8 A
77%
15 novembre 2016 Adrien Rabiot 27 M
76%
1 septembre 2021 Aurélien Tchouaméni 19 M
76%
13 novembre 2015 Kingsley Coman 29 A
76%
18 août 2004 Patrice Evra 35 D
76%
8 septembre 2020 Eduardo Camavinga 16 M
75%
10 juin 2022 Ibrahima Konaté 11 D
73%
27 mai 2006 Franck Ribéry 24 A
72%
11 novembre 2011 Laurent Koscielny 45 D
72%
22 septembre 2022 Randal Kolo Muani 9 A
72%
25 mars 2022 William Saliba 13 D
72%
9 octobre 2010 Dimitri Payet 27 A
71%
5 mars 2014 Lucas Digne 29 D
71%
2 juin 2017 Florian Thauvin 6 A
70%
2 juin 2021 Jules Koundé 19 D
70%
26 mars 2015 Nabil Fekir 15 M
69%
5 juin 2013 Alexandre Lacazette 6 A
65%
10 octobre 2009 Moussa Sissoko 44 M
65%
1 avril 2009 André-Pierre Gignac 1 A
64%
5 juin 2024 Bradley Barcola 2 A
64%
28 mars 2017 Corentin Tolisso 21 M
64%
1 septembre 2016 Djibril Sidibé 16 D
64%
26 mai 2010 Mathieu Valbuena 26 A
63%
22 novembre 2007 Bacary Sagna 27 D
62%
16 juin 2023 Brice Samba 3 G
62%
27 mars 2018 Presnel Kimpembe 19 D
61%
10 novembre 2017 Steven Nzonzi 17 M
61%
16 juin 2023 Wesley Fofana 1 D
61%
22 septembre 2022 Youssouf Fofana 14 M
61%
15 août 2012 Christophe Jallet 11 D
59%
17 novembre 2010 Mamadou Sakho 21 D
58%
28 mars 2007 Samir Nasri 12 M
58%
11 août 2010 Yohan Cabaye 20 M
57%
15 novembre 2016 Benoît Costil 1 G
56%
13 octobre 2007 Hatem Ben Arfa 2 M
56%
18 novembre 2023 Warren Zaïre-Emery 2 M
56%
25 mars 2022 Jonathan Clauss 11 D
55%
1 septembre 2021 Moussa Diaby 3 A
53%
11 août 2010 Stéphane Ruffier 2 G
53%
15 novembre 2016 Thomas Lemar 23 M
53%
4 septembre 2015 Anthony Martial 15 A
52%
16 novembre 2021 Mattéo Guendouzi 2 M
51%
7 octobre 2011 Mathieu Debuchy 22 D
50%
23 mars 2018 Wissam Ben Yedder 5 A
49%
11 juin 2019 Clément Lenglet 11 D
48%
9 octobre 2004 Alou Diarra 6 M
45%
24 mars 2007 Lassana Diarra 6 M
45%
11 août 2010 Jérémy Ménez 13 A
44%
10 septembre 2008 Gaël Clichy 8 D
41%
8 juin 2014 Morgan Schneiderlin 8 M
41%
20 août 2008 Yoann Gourcuff 2 M
41%
3 septembre 2010 Kévin Gameiro 1 A
40%
16 octobre 2002 Philippe Mexès 6 D
40%
6 juin 2022 Boubacar Kamara 1 M
39%
25 mars 2022 Christopher Nkunku 3 A
39%
18 août 2004 Rio Mavuba 6 M
38%
17 novembre 2004 Florent Malouda 5 A
36%
27 mai 2014 Rémy Cabella 1 M
36%
5 juin 2013 Eliaquim Mangala 5 D
35%
2 juin 2019 Léo Dubois 5 D
35%
2 juin 2009 Loïc Rémy 10 A
35%
7 juin 2011 Marvin Martin 7 M
35%
18 août 2004 Éric Abidal 8 D
34%
27 mai 2008 Bafétimbi Gomis 2 A
33%
7 octobre 2020 Houssem Aouar 1 M
33%
11 novembre 2011 Jérémy Mathieu 2 D
33%
22 septembre 2022 Benoît Badiashile 2 D
32%
7 septembre 2019 Jonathan Ikoné 3 A
29%
14 novembre 2014 Layvin Kurzawa 8 D
29%
11 octobre 2003 Anthony Réveillère 4 D
28%
29 mars 2015 Kurt Zouma 6 D
28%
11 octobre 2018 Tanguy Ndombélé 3 M
28%
13 octobre 2023 Malo Gusto 1 D
27%
11 novembre 2011 Maxime Gonalons 5 M
27%
28 mars 2017 Tiemoué Bakayoko 1 M
27%
25 septembre 2022 Adrien Truffert 1 D
25%
14 août 2013 Geoffrey Kondogbia 4 M
25%
14 novembre 2012 Benoît Trémoulinas 4 D
24%
5 juin 2013 Clément Grenier 4 M
24%
12 septembre 2023 Jean-Clair Todibo 1 D
22%
12 octobre 2012 Clément Chantôme 1 M
21%
11 août 2010 Yann M'Vila 3 M
21%
15 août 2012 Mapou Yanga-Mbiwa 2 D
19%
15 août 2012 Étienne Capoue 7 M
18%
15 novembre 2016 Sébastien Corchia 1 D
18%
11 octobre 2008 Jimmy Briand 1 A
16%
5 juin 2013 Josuha Guilavogui 5 M
13%
29 février 2012 Morgan Amalfitano 1 M
8%
Aucun quiz correspondant
Distribution des résultats
% des personnes avec chaque résultat
Percentile par nombre de réponses
Votre historique - résultats
Vous n’avez pas pris ce quiz